| 000 | 00000nam 2200000zi 4500 |
| 001 | 9.924875 |
| 003 | CaOODSP |
| 005 | 20250905121218 |
| 006 | m o d f |
| 007 | cr |n||||||||| |
| 008 | 230707e20220809onc ob f|0| 0 eng d |
| 040 | |aCaOODSP|beng|erda|cCaOODSP |
| 043 | |an-cn--- |
| 086 | 1 |aRv55-8/17-1-4-2022E-PDF |
| 245 | 00|aRelease of commercial goods. |
| 250 | |a[August 9, 2022 edition]. |
| 264 | 1|aOttawa : |bCanada Border Services Agency = Agence des services frontaliers du Canada, |cAugust 9, 2022. |
| 300 | |a1 online resource (23 pages). |
| 336 | |atext|btxt|2rdacontent |
| 337 | |acomputer|bc|2rdamedia |
| 338 | |aonline resource|bcr|2rdacarrier |
| 490 | 1 |aMemorandum, |x2369-2391 ; |vD17-1-4 |
| 500 | |aIssued also in French under title: Mainlevée des marchandises commerciales. |
| 500 | |a"Superseded Memorandum D D17-1-4, May 10, 2012." |
| 504 | |aIncludes bibliographical references (page 23). |
| 650 | 0|aImports|xLaw and legislation|zCanada. |
| 710 | 2 |aCanada Border Services Agency, |eissuing body. |
| 775 | 08|tMainlevée des marchandises commerciales.|w(CaOODSP)9.924876 |
| 794 | |tRelease of commercial goods.|b[November 21, 2023 edition]|w(CaOODSP)9.937166 |
| 830 | #0|aMemorandum (Canada Border Services Agency)|x2369-2391 ; |vD17-1-4.|w(CaOODSP)9.816825 |
| 856 | 40|qPDF|s970 KB|uhttps://publications.gc.ca/collections/collection_2023/asfc-cbsa/Rv55-8-17-1-4-2022-eng.pdf |